| 000 | 00932nas a2200301 4500 | ||
|---|---|---|---|
| 001 | BR9505181 | ||
| 003 | BR-BrBNA | ||
| 005 | 20231205094210.0 | ||
| 007 | ta | ||
| 008 | 230509b bl.|||p| |||| 00| 00por d | ||
| 040 |
_aBR-BrBNA _bpor _cBiblioteca Nacional de Agricultura |
||
| 041 | _a(Pt) | ||
| 072 | _aH10 | ||
| 100 | 1 | _aMarinho, C.S. | |
| 100 | 1 | _aSanta-Cecilia, L.V.C. | |
| 100 | 1 | _aSouto, R.F. | |
| 100 | 1 | _aSouza, M. de | |
| 245 | 1 | _aOcorrencia da "Mariposa das Laranjas" (Gymmandrosoma aurantianum Lima, 1927)(Lepidoptera, olethreutidae)em pomares citricos do Sul de Minas Gerais | |
| 650 | _aLaranja | ||
| 650 | _aFruta Citrica | ||
| 650 | _aPraga de Planta | ||
| 650 | _aMariposa | ||
| 650 | _aPomar | ||
| 650 | _aMinas Gerais | ||
| 773 | 0 |
_tCiencia e Pratica (Brazil) _xISSN 0100-3267 _g(Jan-Mar 1992), v. 16(1) p. 91-92 _wBR9505181 |
|
| 909 |
_a202311 _bLúcia _c55 _dLúcia Elande |
||
| 942 |
_2AGRIS _n0 _cANA |
||
| 999 |
_c142716 _d142716 |
||